| 000 | 00913nam a22002772 4500 | ||
|---|---|---|---|
| 001 | 77021 | ||
| 003 | BD-RjUL | ||
| 005 | 20211209082922.0 | ||
| 008 | 200216s1944 enk 000 0 eng | ||
| 035 | _aOCLC ocm02422768 from D961007M | ||
| 035 | _a(BD-RjUL)77245 | ||
| 040 |
_aDLC _cWHE _dEQO _dBD-RjUL _beng |
||
| 041 | _aeng | ||
| 082 |
_223 _a821.9109 _bSAP 1944 |
||
| 100 | 1 |
_aSavage, D. S. _q(Derek S.) _9239383 |
|
| 245 | 1 | 4 |
_aThe personal principle : _bstudies in modern poetry / _cD. S. Savage. |
| 260 |
_aLondon : _bRoutledge, _c1944. |
||
| 300 |
_aviii, 196 p. ; _c19 cm. |
||
| 504 | _aBibliographical references included in "Notes" (p. 190-192) | ||
| 650 | 0 |
_aPoetry. _9239384 |
|
| 650 | 0 |
_aAmerican poetry _y20th century _xHistory and criticism. _9239385 |
|
| 650 | 0 |
_aEnglish poetry _y20th century _xHistory and criticism. _9239386 |
|
| 942 |
_2ddc _cBK |
||
| 999 |
_c77021 _d77021 |
||